Effect of drought stress on earlymphotoperiod insensitive rice at vegetative phase,(ឥទ្ធិពលនៃការរាំងស្ងួតទៅលើស្រូវស្រាលមិនប្រកាន់រដូវនៅវគ្គលូតលាស់) (Record no. 580)

000 -LEADER
fixed length control field 00628nam a22001577a 4500
003 - CONTROL NUMBER IDENTIFIER
control field OSt
005 - DATE AND TIME OF LATEST TRANSACTION
control field 20150916150539.0
008 - FIXED-LENGTH DATA ELEMENTS--GENERAL INFORMATION
fixed length control field 150916b xxu||||| |||| 00| 0 eng d
040 ## - CATALOGING SOURCE
Transcribing agency RUA
082 ## - DEWEY DECIMAL CLASSIFICATION NUMBER
Classification number AGR TAI 2003 B029 Or.1
100 ## - MAIN ENTRY--PERSONAL NAME
9 (RLIN) 603
Personal name TAING VANCHAN
245 ## - TITLE STATEMENT
Title Effect of drought stress on earlymphotoperiod insensitive rice at vegetative phase,(ឥទ្ធិពលនៃការរាំងស្ងួតទៅលើស្រូវស្រាលមិនប្រកាន់រដូវនៅវគ្គលូតលាស់)
260 ## - PUBLICATION, DISTRIBUTION, ETC. (IMPRINT)
Place of publication, distribution, etc. phnom penh
Name of publisher, distributor, etc. RUA
Date of publication, distribution, etc. 2003
300 ## - PHYSICAL DESCRIPTION
Extent 42p.
Dimensions ill.
Size of unit 29cm.
942 ## - ADDED ENTRY ELEMENTS (KOHA)
Source of classification or shelving scheme
Koha item type AGR
Holdings
Price effective from Date last seen Permanent Location Not for loan Date acquired Source of classification or shelving scheme Koha item type Barcode Lost status Damaged status Withdrawn status Current Location Full call number
2015-09-162015-09-16Library Block B 2015-09-16 AGRRUA001554   Library Block BAGR TAI 2003 B029 Or.1
2015-09-162015-09-16Library Block B 2015-09-16 AGRRUA001398   Library Block BAGR TAI 2003 B029 Or.2
មជ្ឈមណ្ឌលឯការនៃសាកលវិទ្យាល័យភូមិន្ទកសិកម្មចំការដូង

Powered by Koha